Liberal Arts Degrees - Statistics

General Stats
  • This quiz has been taken 17 times
  • The average score is 3 of 7
Answer Stats
Hint Answer % Correct
1 History
75%
2 Literature
50%
6 Psychology
44%
5 Sociology
44%
4 Philosophy
38%
7 Arts
19%
3 Writing
13%
No matching quizzes found
Score Distribution
Percent of People with Each Score
Percentile by Number Answered
Your Score History
You have not taken this quiz